000
00197 a2200097 4500
001
5482
100
_a
Grimsehl,E
245
_a
Text Book of physics
260
_a
_b
Blackie
_c
090
_c
4498
_d
4498
942
_a
NUST-CAE
_c
M
_c
30820
999
_c
240555
_d
240555